00556nam a2200157 a 450000100100000000500170001000800410002702000180006804000250008608200210011110000400013224500910017225000120026326000950027530000280037000003560820200930074453.0111105s2008 bl a 000 0 spa d a9788599508060 aDO-SdBNPbspacBNPHU axxxbA848m, 20081 aBarbosa, Francisco de Assis,d1914-10aMachado de assis em miniatura :bum perfil biográfico /cFrancisco de Assis Barbosa. a2a. ed. aBrasília, DF :bMinistério da Cultura, Fundação Biblioteca NacionalbBatel,c2008. a110 p. :bil. ;c21 cm.